000 00654nam a2200229Ia 4500
003 OSt
005 20220925194630.0
006 a|||||r|||| 00| 0
007 ta
008 220923b |||||||| |||| 00| 0 eng d
020 _a0745608981
037 _cGeneral Book
040 _aRTL
_cRTL
_beng
041 _2eng
_aeng
082 _aY:3(S:44), N4
100 _aBoudon Raymond
_948970
245 0 _aArt of self-persuasion
_b The social explanation of false beliefs
260 _aCambridge
_bPolity Press
_c1994
300 _axiii, 322p
_ccm.
942 _hY:3(S:44), N4
_cGB
_2CC
999 _c530209
_d530209